00368nam a2200121Ia 4500008004100000245011200041260002400153260000900177300000800186500000900194650002300203650002000226170224s9999 xx 000 0 und d aBystanding or standing by? How the number of bystanders affects the intention to intervene in cyberbullying bNew Media & Society c2016 a18: a2016 xCommunication Arts xMultimedia Arts